Estadísticas para Países más cercanos a Liechtenstein - Sprint de un minuto

Haz click aquí para intentar la prueba.

Estadísticas generales

  • Esta prueba ha sido intentada 32 veces
  • La puntuación promedio es 16 de 20

Estadísticas de respuestas

kmpaís% Correcto
33Alemania
100%
0Austria
100%
68Italia
100%
372Bélgica
97%
150Francia
97%
0Suiza
97%
465Países Bajos
94%
492Hungría
78%
400Mónaco
78%
409San Marino
78%
338Luxemburgo
75%
556Polonia
75%
300Eslovenia
72%
716España
72%
617Ciudad del
Vaticano
69%
348Croacia
69%
556Eslovaquia
69%
334Chequia
66%
521Bosnia y
Herzegovina
50%
720Serbia
47%

Distribución de puntuación

Porcentaje por número respondido

Porcentaje de gente con cada puntuación

Historial de tus puntuaciones

No has intentado esta prueba.